[Event "U-20 Pan-American Chess Championship Female 2022"]
[Site "(Pereira - Risaralda) Gran Hotel. Calle 19 # 9-19"]
[Date "2022.08.27"]
[Round "8"]
[Board "10"]
[White "Ladron De Guevara Mendez, Lorena"]
[Black "Sanchez Riobo, Emily Dainne"]
[Result "1-0"]
[WhiteElo "1378"]
[BlackElo "1405"]
[PlyCount "0"]
[EventDate "2022.08.23"]
[EventRounds "9"]
[EventCountry "COL"]

1. e4 c6 2. d4 d5 3. Nc3 dxe4 4. Nxe4 Nf6 5. Nxf6+ exf6 6. c3 Bd6 7. Bd3 O-O 8.
Qc2 Re8+ 9. Ne2 h5 10. O-O Nd7 11. Be3 Qc7 12. h4 Nf8 13. c4 b6 14. a3 a5 15.
c5 bxc5 16. dxc5 Be7 17. b4 axb4 18. axb4 Be6 19. b5 cxb5 20. Bxb5 Rec8 21.
Rxa8 Rxa8 22. Rb1 Ra2 23. Qc3 Nd7 24. c6 Ne5 25. Bf4 Bf5 26. Ra1 Rc2 27. Qg3
Rb2 28. Nd4 Be4 29. Bd3 Bxc6 30. Nxc6 Qxc6 31. Bxe5 fxe5 32. Qxe5 Qf6 33. Ra8+
Bf8 34. Qc5   1-0

[Event "U-20 Pan-American Chess Championship Female 2022"]
[Site "(Pereira - Risaralda) Gran Hotel. Calle 19 # 9-19"]
[Date "2022.08.27"]
[Round "8"]
[Board "11"]
[White "Lobo Meneses, Natalia"]
[Black "Medina Baquiro, Paula Andrea"]
[Result "1-0"]
[WhiteElo "1319"]
[BlackElo "1235"]
[PlyCount "0"]
[EventDate "2022.08.23"]
[EventRounds "9"]
[EventCountry "COL"]

1. e4 c5 2. Nf3 d6 3. g3 Nf6 4. d3 g6 5. Bg2 Bg7 6. O-O O-O 7. a4 Nc6 8. c3 e6
9. Qe2 Qc7 10. Rd1 e5 11. Nbd2 b6 12. Nf1 Ba6 13. h4 Rad8 14. N1h2 Qd7 15. Bg5
h6 16. Bc1 Ng4 17. Bh3 h5 18. Ne1 Qe7 19. Bxg4 hxg4 20. Nxg4 Bc8 21. Ng2 Bxg4
22. Qxg4 Qd7 23. Qxd7 Rxd7 24. Ne3 Rfd8 25. Kg2 Na5 26. Ra3 Bh6 27. Nd5 Bg7 28.
Bg5 Re8 29. f4 c4 30. Bf6 exf4 31. gxf4 cxd3 32. Kf3 Re6 33. Bxg7 Kxg7 34. Rxd3
f5 35. exf5 gxf5 36. b3 Rh6 37. Ne3 Kf6 38. b4 Nb7 39. Rd5 Rh5 40. Ng2 Ke6 41.
c4 Kf6 42. Rad3 Ke6 43. Kg3 Rg7+ 44. Kh3 Rgh7 45. Rg3 Kf6 46. Rg5 R7h6 47.
Rdxf5+   1-0

[Event "U-20 Pan-American Chess Championship Female 2022"]
[Site "(Pereira - Risaralda) Gran Hotel. Calle 19 # 9-19"]
[Date "2022.08.27"]
[Round "8"]
[Board "12"]
[White "Mercado Maestre, Maria Angel"]
[Black "Carrillo Riano, Karen Sofia"]
[Result "1-0"]
[WhiteElo "1310"]
[BlackElo "1350"]
[PlyCount "0"]
[EventDate "2022.08.23"]
[EventRounds "9"]
[EventCountry "COL"]

1. d4 e6 2. c4 Nf6 3. Nc3 Be7 4. Bg5 O-O 5. e3 d5 6. cxd5 exd5 7. Qc2 c6 8. Bd3
Nbd7 9. Nf3 h6 10. Bf4 Kh8 11. h3 Nh5 12. Bh2 g5 13. g4 Ng7 14. Bg3 Ne8 15. h4
gxh4 16. Nxh4 Ndf6 17. Bf5 Ng7 18. Bxc8 Rxc8 19. g5 Nd7 20. gxh6 Ne8 21. Nf5
Rg8 22. h7 Rg6 23. Nh6 Rg7 24. Qf5 f6 25. Qe6 Nd6 26. Bxd6 Bxd6 27. Qxd6 Qe8
28. Nf5 Rg5 29. Ng3 Rd8 30. Qf4 Qg6 31. Kd2 c5 32. Nb5 cxd4 33. Nxd4 Nc5 34.
Ngf5 Rg2 35. Rh6 Ne4+ 36. Ke1 Qe8 37. Rd1 Qa4 38. b3 Qa5+ 39. Kf1 Rxf2+ 40.
Qxf2 Nxf2 41. Kxf2 Qxa2+ 42. Kf3 Qa6 43. Rg1 Qd3 44. Rh4 Re8 45. Rhg4   1-0

[Event "U-20 Pan-American Chess Championship Female 2022"]
[Site "(Pereira - Risaralda) Gran Hotel. Calle 19 # 9-19"]
[Date "2022.08.27"]
[Round "8"]
[Board "13"]
[White "Susunaga Duran, Madelen Fernanda"]
[Black "Quevedo Bonilla, Paula Thaliana"]
[Result "1/2-1/2"]
[WhiteElo "1204"]
[BlackElo "1267"]
[PlyCount "0"]
[EventDate "2022.08.23"]
[EventRounds "9"]
[EventCountry "COL"]

1. e4 e5 2. Nf3 Nc6 3. Bc4 Nf6 4. d4 exd4 5. e5 d5 6. Bb5 Ne4 7. Nxd4 Bd7 8.
Bxc6 bxc6 9. O-O Bc5 10. f3 Ng5 11. f4 Ne4 12. Be3 Bb6 13. Nd2 c5 14. N4f3 Nxd2
15. Qxd2 d4 16. Bf2 O-O 17. Bh4 Qc8 18. a4 a5 19. b3 Be6 20. Ng5 Bd7 21. Ne4
Bf5 22. Qe2 c4 23. Bf2 cxb3 24. cxb3 Qe6 25. Ng5 Qg6 26. Rad1 Rad8 27. g4 Bxg4
28. Qxg4 h6 29. Bh4 hxg5 30. Qxg5 Qxg5+ 31. Bxg5 Rd5 32. Rd3 f6 33. exf6 gxf6
34. Bh4 Kf7 35. Re1 Rf5 36. Bg3 Rc5   1/2-1/2

[Event "U-20 Pan-American Chess Championship Female 2022"]
[Site "(Pereira - Risaralda) Gran Hotel. Calle 19 # 9-19"]
[Date "2022.08.28"]
[Round "9"]
[Board "1"]
[White "Pacheco Jimenez, Yesenia"]
[Black "Hilario, Aleyla"]
[Result "1-0"]
[WhiteElo "1653"]
[BlackElo "1899"]
[PlyCount "0"]
[EventDate "2022.08.23"]
[EventRounds "9"]
[EventCountry "COL"]

1. d4 Nf6 2. Nf3 e6 3. g3 b5 4. Bg2 Bb7 5. O-O c5 6. c3 Be7 7. Qb3 a6 8. c4 Qb6
9. Be3 d5 10. dxc5 Bxc5 11. Bxc5 Qxc5 12. cxb5 axb5 13. Na3 Ra5 14. Rac1 Qb6
15. Ne5 Nbd7 16. Nxd7 Nxd7 17. Qb4 Ba6 18. b3 Bb7 19. Rc2 Nb8 20. Nc4 Nc6 21.
Qxa5 Qxa5 22. Nxa5 Nxa5 23. Rc7 Kd8 24. Rfc1 Bc6 25. R7xc6 Nxc6 26. Rxc6 Kd7
27. Ra6 b4 28. Rb6 Ra8 29. Rxb4 Rxa2 30. e4 Ra1+ 31. Bf1 Kc6 32. exd5+ exd5 33.
Ra4 Rb1 34. b4 d4 35. Kg2 Rb3 36. b5+ Kc5 37. Rc4+ Kd5 38. Rc8 Ke5 39. Rc5+ Ke4
40. Bc4 Rb4 41. Bd5+ Kd3 42. Bxf7 Kd2 43. Rc4 Rxb5 44. Rxd4+ Kc3 45. Rd7 g5 46.
g4 Rb6 47. Kg3 h6 48. h4 Rf6 49. hxg5 hxg5 50. f3 Kb4 51. Rc7 Kb5 52. Bd5 Rd6
53. Be4 Re6 54. Rd7 Kc4 55. Bd5+   1-0

[Event "U-20 Pan-American Chess Championship Female 2022"]
[Site "(Pereira - Risaralda) Gran Hotel. Calle 19 # 9-19"]
[Date "2022.08.28"]
[Round "9"]
[Board "2"]
[White "Contreras Huaman, Fiorella"]
[Black "Matus, Nastassja"]
[Result "1-0"]
[WhiteElo "1948"]
[BlackElo "1976"]
[PlyCount "0"]
[EventDate "2022.08.23"]
[EventRounds "9"]
[EventCountry "COL"]

1. e4 c6 2. d4 d5 3. exd5 cxd5 4. Bf4 Nc6 5. c3 Nf6 6. Nd2 Bg4 7. Qb3 Qd7 8.
Ngf3 e6 9. Ne5 Qc8 10. Bb5 a6 11. Bxc6+ bxc6 12. Qa4 Bd6 13. Bg3 Bxe5 14. dxe5
Ne4 15. Nxe4 dxe4 16. Qxe4 Bf5 17. Qb4 c5 18. Qa4+ Qd7 19. Qxd7+ Kxd7 20.
O-O-O+ Ke7 21. c4 Rhd8 22. f3 f6 23. Bf2 Rdc8 24. Rhe1 Rc6 25. Re2 Rac8 26.
Red2 R8c7 27. Bg3 Rb7 28. Rd6 Rcb6 29. b3 Ke8 30. Rd8+ Ke7 31. Rc8 Rd7 32.
Rxd7+ Kxd7 33. Rxc5 Rb7 34. Bf2 Rb8 35. Bd4 fxe5 36. Bxe5 Rc8 37. Rxc8 Kxc8 38.
Bxg7 Kd7 39. Kd2 Kc6 40. b4 Bg6 41. Kc3 Bf5 42. Be5 Bg6 43. a4 Be8 44. b5+ axb5
45. axb5+ Kc5 46. f4 h5 47. Bd4+ Kd6 48. Kb4 Kc7 49. c5 Bg6 50. c6 Be4 51. Kc5
Bxg2 52. b6+ Kd8 53. b7 Kc7 54. Be5+   1-0

[Event "U-20 Pan-American Chess Championship Female 2022"]
[Site "(Pereira - Risaralda) Gran Hotel. Calle 19 # 9-19"]
[Date "2022.08.28"]
[Round "9"]
[Board "3"]
[White "Garcia Andrada, Heidy Nicole"]
[Black "Guerrero Caicedo, Arlette"]
[Result "1-0"]
[WhiteElo "2002"]
[BlackElo "1531"]
[PlyCount "0"]
[EventDate "2022.08.23"]
[EventRounds "9"]
[EventCountry "COL"]

1. e4 d5 2. exd5 Nf6 3. d4 Bg4 4. Bb5+ c6 5. dxc6 Nxc6 6. Bxc6+ bxc6 7. Nf3 g6
8. h3 Be6 9. c3 Bg7 10. Nbd2 Nd5 11. Ne4 O-O 12. O-O Qc7 13. Re1 Rfd8 14. Qe2
Re8 15. Bd2 a5 16. Nc5 Bf5 17. b3 Qd6 18. Ne5 Bxe5 19. Qxe5 Qxe5 20. Rxe5 f6
21. Re2 Kf7 22. Rae1 g5 23. f3 Nb6 24. c4 a4 25. Bb4 axb3 26. axb3 Ra7 27. Ne4
Bxe4 28. Rxe4 Rb7 29. Bc5 e6 30. R4e3 Nd7 31. Bd6 Nb6 32. Kf2 Rd7 33. Bc5 Nc8
34. R1e2 Nd6 35. Bxd6 Rxd6 36. Rd2 Rb8 37. Red3 Rd7 38. Ra2 Rb6 39. Ke3 Rdb7
40. Ra3 Ke7 41. Kd2 Rd7 42. Kc3 Rdb7 43. Rd2 Kd7 44. Rb2 Rb4 45. Ra8 Rb8 46.
Rxb8 Rxb8 47. Ra2 Rb7 48. Ra8 e5 49. dxe5 fxe5 50. Rg8   1-0

[Event "U-20 Pan-American Chess Championship Female 2022"]
[Site "(Pereira - Risaralda) Gran Hotel. Calle 19 # 9-19"]
[Date "2022.08.28"]
[Round "9"]
[Board "4"]
[White "Diaz Charpentier, Kristel Meliss"]
[Black "Escobar Villota, Domenika Gabriela"]
[Result "1-0"]
[WhiteElo "1989"]
[BlackElo "1520"]
[PlyCount "0"]
[EventDate "2022.08.23"]
[EventRounds "9"]
[EventCountry "COL"]

1. Nf3 d5 2. c4 e6 3. g3 Nf6 4. Bg2 Be7 5. O-O O-O 6. b3 b6 7. Bb2 Bb7 8. e3 c5
9. Nc3 Nbd7 10. d3 Rc8 11. Qe2 h6 12. e4 d4 13. Nb5 a6 14. Na3 e5 15. Rae1 Ne8
16. Bc1 Nd6 17. Bh3 Bf6 18. Nd2 Ra8 19. Qh5 Re8 20. f4 Bc8 21. Nf3 Qe7 22. Bxd7
Bxd7 23. f5 Red8 24. g4 Be8 25. Re2 Qf8 26. h4 g6 27. Qxh6 Qxh6 28. Bxh6 Bd7
29. Ref2 Re8 30. Kg2 Kh7 31. Bd2 gxf5 32. gxf5 Rg8+ 33. Kh2 Rae8 34. Nc2 Kh8
35. Rh1 Rg7 36. Bg5 Bxg5 37. hxg5 Rh7+ 38. Kg1 Rxh1+ 39. Kxh1 Kg8 40. Rh2 Nxf5
41. exf5 Bxf5 42. Nce1 e4 43. Re2 e3 44. Kg2 Kg7 45. Kg3 Bd7 46. Kf4 f6 47.
gxf6+ Kxf6 48. Rh2 Kg7 49. b4 Rf8+ 50. Kg3 Rf5 51. bxc5 bxc5 52. Rb2 Bc8 53.
Rb8 Be6 54. Rb6 Bc8 55. Rc6 Bb7 56. Rc7+ Rf7 57. Rxc5 Rd7 58. Nxd4 a5 59. Nf5+
Kf6 60. Nxe3   1-0

[Event "U-20 Pan-American Chess Championship Female 2022"]
[Site "(Pereira - Risaralda) Gran Hotel. Calle 19 # 9-19"]
[Date "2022.08.28"]
[Round "9"]
[Board "5"]
[White "Ruiz Jaraba, Valentina Sofia"]
[Black "Hernandez Bermudez, Manuela"]
[Result "1/2-1/2"]
[WhiteElo "1816"]
[BlackElo "1894"]
[PlyCount "0"]
[EventDate "2022.08.23"]
[EventRounds "9"]
[EventCountry "COL"]

1. d4 Nf6 2. Nf3 g6 3. b4 Bg7 4. c4 d5 5. e3 O-O 6. Bb2 b6 7. Nbd2 c5 8. dxc5
bxc5 9. b5 a6 10. a4 Bb7 11. Be2 Nbd7 12. O-O Re8 13. cxd5 Nxd5 14. Bxg7 Kxg7
15. Qb3 e6 16. Nc4 Qc7 17. Rfc1 Red8 18. Qb2+ Kg8 19. Nfe5 Nxe5 20. Nxe5 axb5
21. axb5 Rxa1 22. Rxa1 h5 23. Rc1 Nb6 24. Bf3 Bxf3 25. Nxf3 Qd6 26. h3 c4 27.
Qf6 Nd5 28. Qg5 Rc8 29. Ne5 Nb6 30. Qf6 Rc7 31. Nc6 Rd7 32. Ra1 Kh7 33. e4 e5
34. Qxe5 Qxe5 35. Nxe5 Re7 36. f4 f6 37. Nf3 Rxe4 38. g3 c3 39. Kf2 Rb4 40.
Ra7+ Kg8 41. Rc7 Rb2+ 42. Ke1 Rxb5 43. Rxc3   1/2-1/2

[Event "U-20 Pan-American Chess Championship Female 2022"]
[Site "(Pereira - Risaralda) Gran Hotel. Calle 19 # 9-19"]
[Date "2022.08.28"]
[Round "9"]
[Board "6"]
[White "Pena Gonzalez, Clara Isabel"]
[Black "Mercado Maestre, Maria Angel"]
[Result "1-0"]
[WhiteElo "1833"]
[BlackElo "1310"]
[PlyCount "0"]
[EventDate "2022.08.23"]
[EventRounds "9"]
[EventCountry "COL"]

1. e4 e5 2. Nf3 Nc6 3. Bb5 a6 4. Ba4 Nf6 5. d3 b5 6. Bb3 Bc5 7. Nbd2 d6 8. c3
O-O 9. Nf1 Bb6 10. Ng3 h6 11. O-O Ne7 12. Nh4 g5 13. Nhf5 Nxf5 14. Nxf5 Bxf5
15. exf5 d5 16. h4 Nh7 17. Qf3 c6 18. g3 Kg7 19. Kg2 Qf6 20. Qg4 Rh8 21. hxg5
hxg5 22. Rh1 Rag8 23. a4 Qd8 24. axb5 axb5 25. Bd2 f6 26. Rh5 Nf8 27. Rah1 Nd7
28. Qh3 Rxh5 29. Qxh5 Kf8 30. c4 Nc5 31. Bb4 bxc4 32. dxc4 d4 33. Qf3 Kg7 34.
Bd1 e4 35. Qh5 Qd6 36. Qh6+ Kf7 37. Bh5+ Ke7 38. Qh7+ Kd8 39. Qxg8+ Kc7 40.
Qf7+ Kb8 41. Bd1 Bc7 42. Rh7 Qd8   1-0

[Event "U-20 Pan-American Chess Championship Female 2022"]
[Site "(Pereira - Risaralda) Gran Hotel. Calle 19 # 9-19"]
[Date "2022.08.28"]
[Round "9"]
[Board "7"]
[White "Pinillo Canon, Silvana"]
[Black "Ladron De Guevara Mendez, Lorena"]
[Result "1-0"]
[WhiteElo "1806"]
[BlackElo "1378"]
[PlyCount "0"]
[EventDate "2022.08.23"]
[EventRounds "9"]
[EventCountry "COL"]

1. e4 e5 2. Nf3 Nc6 3. Bb5 a6 4. Ba4 Nf6 5. d3 Bc5 6. O-O b5 7. Bb3 d6 8. c3
O-O 9. Re1 h6 10. Nbd2 Bb6 11. Nf1 Na5 12. Bc2 c5 13. Ng3 c4 14. d4 Nc6 15. h3
Qc7 16. Be3 Rd8 17. Qe2 Re8 18. Rad1 Bd7 19. Nh4 Ne7 20. Qf3 Kh7 21. Ngf5 Neg8
22. g4 g5 23. Nxh6 Kxh6 24. Nf5+ Bxf5 25. Qxf5 Nh7 26. h4 f6 27. hxg5+ fxg5 28.
Kg2 Kg7 29. Rh1 Ngf6 30. Bxg5 Nxg5 31. Qxg5+ Kf7 32. Rh6 Qe7 33. Qg6+ Ke6 34.
Qf5+ Kf7 35. Rh7+ Kf8 36. Rxe7 Kxe7 37. dxe5 dxe5 38. g5 Rf8 39. gxf6+   1-0

[Event "U-20 Pan-American Chess Championship Female 2022"]
[Site "(Pereira - Risaralda) Gran Hotel. Calle 19 # 9-19"]
[Date "2022.08.28"]
[Round "9"]
[Board "8"]
[White "Montano Vicente, Guadalupe"]
[Black "Perez Hernandez, Vicmary C."]
[Result "1-0"]
[WhiteElo "1644"]
[BlackElo "1764"]
[PlyCount "0"]
[EventDate "2022.08.23"]
[EventRounds "9"]
[EventCountry "COL"]

1. d4 Nf6 2. c4 g6 3. Nc3 Bg7 4. e4 d6 5. h3 O-O 6. Bg5 c5 7. d5 e6 8. Bd3 a6
9. a4 Qa5 10. Bd2 Qc7 11. Nge2 exd5 12. cxd5 Nbd7 13. Bc2 Re8 14. O-O c4 15.
Be3 Nc5 16. Ng3 Bd7 17. a5 Rac8 18. Bd4 Bb5 19. Re1 h5 20. Nf1 h4 21. Nh2 Nh5
22. Ng4 Nd7 23. Bxg7 Kxg7 24. Qd2 Rh8 25. Re2 Qc5 26. Rd1 Rce8 27. Na4 c3 28.
Qe3 Qb4 29. bxc3 Qc4 30. Red2 Qa2 31. Qd4+ Ndf6 32. Nxf6 Nxf6 33. f3 Rc8 34.
Nb6 Rc5 35. e5 Nxd5   1-0

[Event "U-20 Pan-American Chess Championship Female 2022"]
[Site "(Pereira - Risaralda) Gran Hotel. Calle 19 # 9-19"]
[Date "2022.08.28"]
[Round "9"]
[Board "9"]
[White "Ruiz Villalba, Andrea"]
[Black "Lobo Meneses, Natalia"]
[Result "1-0"]
[WhiteElo "1845"]
[BlackElo "1319"]
[PlyCount "0"]
[EventDate "2022.08.23"]
[EventRounds "9"]
[EventCountry "COL"]

1. e4 e5 2. Nf3 Nc6 3. Bc4 Nf6 4. d3 Bc5 5. O-O d6 6. c3 O-O 7. Bb3 Ne7 8. d4
exd4 9. cxd4 Bb6 10. Nc3 c6 11. h3 Ng6 12. Re1 h6 13. Qd3 Be6 14. Bxe6 fxe6 15.
e5 Qe8 16. exf6 Rxf6 17. Ne4 Rxf3 18. Qxf3 d5 19. Nc5 Bxc5 20. dxc5 Qe7 21. Qg4
Nf8 22. Bxh6 Qf6 23. Bf4 Qxb2 24. Be5   1-0

[Event "U-20 Pan-American Chess Championship Female 2022"]
[Site "(Pereira - Risaralda) Gran Hotel. Calle 19 # 9-19"]
[Date "2022.08.28"]
[Round "9"]
[Board "11"]
[White "Quevedo Bonilla, Paula Thaliana"]
[Black "Acosta Angulo, Mariana Valentina"]
[Result "1/2-1/2"]
[WhiteElo "1267"]
[BlackElo "1489"]
[PlyCount "0"]
[EventDate "2022.08.23"]
[EventRounds "9"]
[EventCountry "COL"]

1. e4 c5 2. Nf3 e6 3. d4 cxd4 4. Nxd4 a6 5. Nc3 b5 6. Bd3 Bb7 7. O-O Qc7 8. Re1
d6 9. Be3 Nd7 10. f4 Ngf6 11. a3 Be7 12. Bf2 O-O 13. h3 Nc5 14. Rc1 Ncd7 15. f5
e5 16. Nb3 Rad8 17. Qe2 Rfe8 18. Rcd1 Bf8 19. Bh4 Be7 20. Bf2 Nc5 21. Nxc5 dxc5
22. Qf3 c4 23. Bf1 Bc5 24. Bxc5 Qxc5+ 25. Kh1 Rd4 26. Re2 Rxd1 27. Nxd1 Bxe4
28. Rxe4 Nxe4 29. Qxe4 h6 30. Nc3 Rd8 31. Be2 a5 32. Qb7 b4 33. axb4 axb4 34.
Ne4 Qe3 35. Bh5 Rf8 36. Nd6 Qc1+ 37. Kh2 Qf4+ 38. Kh1 Qc1+   1/2-1/2

[Event "U-20 Pan-American Chess Championship Female 2022"]
[Site "(Pereira - Risaralda) Gran Hotel. Calle 19 # 9-19"]
[Date "2022.08.28"]
[Round "9"]
[Board "12"]
[White "Lopez Mahecha, Natalia"]
[Black "Susunaga Duran, Madelen Fernanda"]
[Result "0-1"]
[WhiteElo "1197"]
[BlackElo "1204"]
[PlyCount "0"]
[EventDate "2022.08.23"]
[EventRounds "9"]
[EventCountry "COL"]

1. e4 e5 2. Nf3 Nc6 3. Bc4 Bc5 4. c3 Nf6 5. d4 exd4 6. cxd4 Bb4+ 7. Bd2 Bxd2+
8. Nbxd2 d5 9. exd5 Nxd5 10. Qb3 Na5 11. Qa4+ c6 12. Bxd5 Qxd5 13. O-O O-O 14.
Rfe1 b6 15. Re5 Qd7 16. Rc1 f6 17. Re3 Qd5 18. b4 Nc4 19. Nxc4 b5 20. Qb3 bxc4
21. Qxc4 Qxc4 22. Rxc4 Bb7 23. Re7 Rab8 24. Rc5 Rfe8 25. Rxe8+ Rxe8 26. g3 Re2
27. Ra5 c5 28. Kf1 Bxf3 29. Ra3 cxb4 30. Rxf3 Rxa2 31. Rb3 a5 32. Ke1 Ra3 33.
Rb2 b3 34. h4 Ra1+ 35. Kd2 Ra2 36. Kc1 Rxb2 37. Kxb2 a4 38. f3 Kf7 39. g4 Ke6
40. Kc3 Kd5 41. h5 b2 42. Kxb2 Kxd4 43. Ka3 Ke3   0-1

[Event "U-20 Pan-American Chess Championship Female 2022"]
[Site "(Pereira - Risaralda) Gran Hotel. Calle 19 # 9-19"]
[Date "2022.08.28"]
[Round "9"]
[Board "13"]
[White "Carrillo Riano, Karen Sofia"]
[Black "Sanchez Riobo, Emily Dainne"]
[Result "1/2-1/2"]
[WhiteElo "1350"]
[BlackElo "1405"]
[PlyCount "0"]
[EventDate "2022.08.23"]
[EventRounds "9"]
[EventCountry "COL"]

1. e4 c6 2. d4 d5 3. Nc3 dxe4 4. Nxe4 Nf6 5. Ng3 e6 6. Nf3 h6 7. Bd2 Bd6 8. Bd3
Nbd7 9. c4 c5 10. Ne4 Be7 11. Qc2 cxd4 12. Nxd4 Nc5 13. Nxc5 Bxc5 14. Nf3 Qb6
15. O-O-O Bxf2 16. Bc3 Be3+ 17. Kb1 Bd7 18. Ne5 Bc6 19. Rhf1 Bd4   1/2-1/2